The empire and the future : (Record no. 59248)
[ view plain ]
| 000 -LEADER | |
|---|---|
| campo de control de longitud fija | 01328nam a2200205 i 4500 |
| 001 - NÚMERO DE CONTROL | |
| campo de control | 59248 |
| 003 - IDENTIFICADOR DE NÚMERO DE CONTROL | |
| campo de control | ES-MaACL |
| 005 - FECHA Y HORA DE LA ÚLTIMA TRANSACCIÓN | |
| campo de control | 20250707213320.0 |
| 007 - CAMPO FIJO DE DESCRIPCIÓN FÍSICA--INFORMACIÓN GENERAL | |
| campo de control de longitud fija | t| |
| 008 - DATOS DE LONGITUD FIJA--INFORMACIÓN GENERAL | |
| campo de control de longitud fija | 031028s1916 xxk ||||1| eng d |
| 245 04 - MENCIÓN DEL TÍTULO | |
| Título | The empire and the future : |
| Resto del título | a series of imperial studies lectures delivered in the University of London, King's College. |
| 260 ## - PUBLICACIÓN, DISTRIBUCIÓN, ETC. | |
| Lugar de publicación, distribución, etc. | London : |
| Nombre del editor, distribuidor, etc. | Macmillan and Cº, |
| Fecha de publicación, distribución, etc. | 1916. |
| 300 ## - DESCRIPCIÓN FÍSICA | |
| Extensión | XV, 110 p. ; |
| Dimensiones | 19 cm. |
| 505 8# - NOTA DE CONTENIDO CON FORMATO | |
| Nota de contenido con formato | Contiene: Introduction, by A. D. Steel-Maitland . The universities and the war, by M. E. Sadler . Empire and democracy, by Sir C. Lucas . The people and the duties of empire, by A. L. Smith . Imperial administration, by H. A. L. Fisher . Commonwealth and empire, by P. H. Kerr . The duty of the empire to the world, by G. R. Parkin. |
| 594 ## - Nota al título y mención de responsabilidad | |
| Nota al título y mención de responsabilidad | Lectures delivered in 1915 "in pursuance of the aims of the Imperial studies ocmmittee of the University of London and the Royal Colonial institute ... What needed saying in October 1915 has to some extent ceased to be apposite ... and in place of the lecture he gave last autumn Dr. Sadler has therefore contributed ... a specially written article." cf. Pref. note. |
| 650 04 - PUNTO DE ACCESO ADICIONAL DE MATERIA--TÉRMINO DE MATERIA | |
| Término de materia o nombre geográfico como elemento de entrada | Guerra mundial, 1914-1918. |
| 9 (RLIN) | 13212 |
| 651 #4 - PUNTO DE ACCESO ADICIONAL DE MATERIA--NOMBRE GEOGRÁFICO | |
| Nombre geográfico | Gran Bretaña- |
| Subdivisión general | Colonias. |
| 9 (RLIN) | 137194 |
| 852 ## - LOCALIZACIÓN | |
| Ubicación | ES-MaACL |
| Ubicación en estantería | Sala Pecera Planta 2 |
| Número de control de estantería | F-8444 |
| 942 ## - ELEMENTOS DE ENTRADA SECUNDARIOS (KOHA) | |
| Fuente del sistema de clasificación o colocación | Clasificación decimal universal |
| Tipo de ítem Koha | Libro impreso |
| Suprimir en OPAC | No |
| Estatus retirado | Estado de pérdida | Estado de daño | No para préstamo | Biblioteca de origen | Biblioteca actual | Ubicación en estantería | Fecha de adquisición | Fuente de adquisición | Total de préstamos | Signatura topográfica completa | Código de barras | Visto por última vez | Precio de reemplazo | Tipo de ítem Koha |
|---|---|---|---|---|---|---|---|---|---|---|---|---|---|---|
| Biblioteca del Ateneo de Madrid | Biblioteca del Ateneo de Madrid | Sala Pecera Planta 2 | 17/01/2008 | F-8444 | 1062150 | 23/02/2023 | 23/02/2023 | Libro impreso |
